banner koha

O Nitrogênio afeta a produção e a composição botânica em pastagem de gramíneas consorciadas com leguminosas (Registro n. 214219)

MARC details
000 -LÍDER
campo de controle de tamanho fixo 01179nas a2200361 4500
001 - NÚMERO DE CONTROLE
campo de controle BR2011004586
003 - IDENTIFICADOR DO NÚMERO DE CONTROLE
campo de controle BR-BrBNA
005 - DATA E HORÁRIO DA ÚLTIMA TRANSAÇÃO
campo de controle 20231205115523.0
007 - CAMPO FIXO DE DESCRIÇÃO FÍSICA--INFORMAÇÃO GERAL
campo de controle de tamanho fixo ta
008 - CAMPO DE DADOS FIXOS--INFORMAÇÃO GERAL
campo de controle de tamanho fixo 230509b bl.|||p| |||| 00| 00por d
040 ## - FONTE DA CATALOGAÇÃO
Instituição da catalogação original BR-BrBNA
Idioma da catalogação por
Instituição que transcreveu o registro Biblioteca Nacional de Agricultura
041 ## - CÓDIGO DE IDIOMA
Código do idioma do texto/trilha sonora ou título diferente (Pt)
072 ## - CÓDIGO DE CATEGORIA DE ASSUNTO
Código de Categoria de Assunto F04; F01
100 1# - ENTRADA PRINCIPAL--NOME PESSOAL
Nome pessoal Balbinot Júnior, A.A.
100 1# - ENTRADA PRINCIPAL--NOME PESSOAL
Nome pessoal Moraes, A. de
100 1# - ENTRADA PRINCIPAL--NOME PESSOAL
Nome pessoal Pelissari, A.
100 1# - ENTRADA PRINCIPAL--NOME PESSOAL
Nome pessoal Dieckow, J.
100 1# - ENTRADA PRINCIPAL--NOME PESSOAL
Nome pessoal Veiga, M. da
245 1# - TÍTULO
Título O Nitrogênio afeta a produção e a composição botânica em pastagem de gramíneas consorciadas com leguminosas
246 1# - FORMA VARIANTE DO TÍTULO
Título/título abreviado Nitrogen affects the production and botanical composition in a grass/legume intercropped pasture
650 ## - ASSUNTO--TERMO TÓPICO
Cabeçalho tópico ou nome geográfico PASTAGEM
650 ## - ASSUNTO--TERMO TÓPICO
Cabeçalho tópico ou nome geográfico GRAMÍNEA
650 ## - ASSUNTO--TERMO TÓPICO
Cabeçalho tópico ou nome geográfico LEGUMINOSA
650 ## - ASSUNTO--TERMO TÓPICO
Cabeçalho tópico ou nome geográfico NITROGÊNIO
650 ## - ASSUNTO--TERMO TÓPICO
Cabeçalho tópico ou nome geográfico CONSORCIAÇÃO DE CULTURA
650 ## - ASSUNTO--TERMO TÓPICO
Cabeçalho tópico ou nome geográfico AVEIA FORRAGEIRA
650 ## - ASSUNTO--TERMO TÓPICO
Cabeçalho tópico ou nome geográfico AZEVÉM
650 ## - ASSUNTO--TERMO TÓPICO
Cabeçalho tópico ou nome geográfico ERVILHACA
650 ## - ASSUNTO--TERMO TÓPICO
Cabeçalho tópico ou nome geográfico TREVO VESICULOSO
773 0# - ENTRADA ANALÍTICA
Título Revista de Ciências Agroveterinárias (Brazil)
ISSN - International Standard Serial Number ISSN 1676-9732
Partes relacionadas (Jul-Dec 2008), v. 7(2) p. 119-126
Número de controle do registro BR2011004586
909 ## -
-- 202311
-- Lúcia
-- 55
-- Lúcia Elande
942 ## - ELEMENTOS DE ENTRADA ADICIONADOS (KOHA)
Fonte da classificação ou esquema de arquivamento na estante Classificação AGRIS
Ocultar no OPAC Não
Tipo de material Koha Analítica
Exemplares
Situação do descarte Fonte da classificação ou esquema de arquivamento na estante Situação física Não pode ser emprestado Biblioteca de origem Biblioteca atual Localização na estante Enumeração do periódico / cronologia Total de empréstimos Data de último acesso Número do exemplar Tipo de material Koha Fonte de aquisição
  Classificação AGRIS   Consulta local Biblioteca Nacional de Agricultura - Binagri Biblioteca Nacional de Agricultura - Binagri   (Jul-Dec 2008), v. 7(2) p. 119-126   29/11/2023 01 Periódicos Portaria Interministerial nº 164/94

BINAGRI

Telefone: (61)3218-2567/2388/3357/2097 - binagri@agro.gov.br

Ministério da Agricultura e Pecuária , Esplanada dos Ministérios, Bloco D, Anexo B, Brasília/DF, CEP: 70.043-900